Sistema automatizado de notificación de fallas de equipo en los laboratorios de Componentes Intel de Costa Rica
Guardat en:
| Autor principal: | |
|---|---|
| Format: | Llibre |
| Publicat: |
[San José, Costa Rica]
2005
|
| Matèries: | |
| Etiquetes: |
Afegir etiqueta
Sense etiquetes, Sigues el primer a etiquetar aquest registre!
|
MARC
| LEADER | 00000nam a2200000Ia 4500 | ||
|---|---|---|---|
| 003 | 009590 | ||
| 005 | 20221231144127.0 | ||
| 008 | 140114s2005 cr a m 000 | s d | ||
| 040 | |c cru CEDI | ||
| 090 | |a TFG 5130 | ||
| 100 | |a Sorí González, Eduardo |9 5879 | ||
| 245 | |a Sistema automatizado de notificación de fallas de equipo en los laboratorios de Componentes Intel de Costa Rica | ||
| 260 | |c 2005 |a [San José, Costa Rica] | ||
| 300 | |a ix, 47 hojas : ilustraciones | ||
| 500 | |a Proyecto de graduación (bachillerto en ingeniería eléctrica)--Universidad de Costa Rica--Facultad de Ingeniería. Escuela de Ingeniería Eléctrica | ||
| 650 | |x COMPONENTES INTEL DE COSTA RICA |x EQUIPO Y ACCESORIOS |x CONTROL |9 5880 | ||
| 942 | |c TFG | ||
| 999 | |c 17293 |d 17293 | ||
